[Event "CAN-ch U12 Girls"]
[Site "Windsor"]
[Date "2010.07.08"]
[Round "6"]
[White "Croucher, Rebecca"]
[Black "Tao, Rachel Long Xin"]
[Result "0-1"]
[WhiteElo "972"]
[BlackElo "1186"]
[PlyCount "180"]
[EventDate "2010.07.06"]
[EventType "tourn"]
[EventRounds "7"]
[EventCountry "CAN"]
[SourceTitle "EXT 2012"]
[Source "ChessBase"]
[SourceDate "2011.11.24"]
[SourceVersion "1"]
[SourceVersionDate "2011.11.24"]
[SourceQuality "1"]

1. e4 e6 2. d4 d5 3. Nc3 Bb4 4. Bd2 Bxc3 5. Bxc3 dxe4 6. d5 Nf6 7. f3 exf3 8. gxf3 0-0 9. Nh3 exd5 10. Qd2 Re8+ 11. Be2 Bxh3 12. 0-0-0 Nc6 13. Rhg1 Kh8 14. Qg5 Rg8 15. f4 h6 16. Qg3 Bf5 17. Bf3 Qd6 18. Bxd5 Raf8 19. Qg2 Nb4 20. Bxf7 Qxf4+ 21. Bd2 Qd6 22. Bxg8 Rxg8 23. Bxh6 gxh6 24. Rxd6 Rxg2 25. Rd8+ Kh7 26. Rxg2 Nxa2+ 27. Kd1 Bg4+ 28. Kd2 Nb4 29. Rf8 Kg7 30. Rd8 Nbd5 31. c4 Nb6 32. Rb8 Nxc4+ 33. Kc3 Ne3 34. Rg1 Nfd5+ 35. Kd4 Kf6 36. Rf8+ Ke7 37. Rg8 Be6 38. R1g7+ Kd6 39. Rd8+ Kc6 40. Rg6 Nc2+ 41. Kc4 b5+ 42. Kb3 Nd4+ 43. Ka2 Nc3+ 44. Ka3 Nd5 45. Rg1 b4+ 46. Ka4 Bd7 47. Rc1+ Kd6+ 48. Ka5 Nb3+ 49. Ka6 Nxc1 50. Kb7 Nb3 51. Rh8 Bc6+ 52. Kb8 Nc5 53. Rxh6+ Kd7 54. Rh7+ Ne7 55. h4 Na6+ 56. Kxa7 Nc5 57. h5 Ne6 58. Rf7 Ke8 59. Rh7 Nf8 60. Rg7 Bf3 61. h6 Nf5 62. h7 Nxh7 63. Rxh7 c5 64. Rh8+ Ke7 65. Rc8 Kd6 66. Kb6 Ne7 67. Rxc5 Nd5+ 68. Kb5 Be2+ 69. Rc4 Bxc4+ 70. Kxc4 Kc6 71. Kd4 Nb6 72. Kd3 Kc5 73. b3 Nc8 74. Ke4 Nd6+ 75. Ke5 Nb5 76. Ke6 Nd4+ 77. Ke5 Nxb3 78. Kf5 Nd4+ 79. Ke5 b3 80. Kf6 b2 81. Ke7 b1Q 82. Kd7 Qb6 83. Ke7 Qd6+ 84. Ke8 Qc7 85. Kf8 Qd7 86. Kg8 Qe7 87. Kh8 Kd6 88. Kg8 Ke6 89. Kh8 Kf6 90. Kg8 Qg7# 0-1

[Event "CAN-ch U12 Girls"]
[Site "Windsor"]
[Date "2010.07.08"]
[Round "5"]
[White "Forshaw, Erica"]
[Black "Croucher, Rebecca"]
[Result "1-0"]
[WhiteElo "1152"]
[BlackElo "972"]
[PlyCount "47"]
[EventDate "2010.07.06"]
[EventType "tourn"]
[EventRounds "7"]
[EventCountry "CAN"]
[SourceTitle "EXT 2012"]
[Source "ChessBase"]
[SourceDate "2011.11.24"]
[SourceVersion "1"]
[SourceVersionDate "2011.11.24"]
[SourceQuality "1"]

1. e4 e5 2. Nf3 Nc6 3. Bb5 Nf6 4. Nc3 Bc5 5. Bxc6 bxc6 6. Nxe5 d6 7. Nxc6 Qd7 8. d4 Bb6 9. Nb4 0-0 10. Bf4 c5 11. dxc5 dxc5 12. Qxd7 Bxd7 13. Nbd5 Nxd5 14. Nxd5 Ba5+ 15. c3 Rae8 16. f3 Re6 17. 0-0-0 Rg6 18. g4 Be6 19. Bd6 Rd8 20. Bxc5 a6 21. b4 Bxb4 22. Ne7+ Kf8 23. Nxg6+ Kg8 24. Rxd8# 1-0